music trivia: 1995 songs and artists - Statistics

General Stats
  • This quiz has been taken 91 times
  • The average score is 7 of 15
Answer Stats
for each of these '95 songs... name their performers (group or artist) % Correct
Wonderwall Oasis
96%
You Oughta Know Alanis Morissette
70%
Have You Ever Really Loved a Woman Bryan Adams
62%
I'll Be There for You The Rembrandts
60%
Free as a Bird The Beatles
52%
No More 'I Love You's Annie Lennox
48%
On Bended Knee Boyz II Men
48%
Let Her Cry Hootie and the Blowfish
47%
One Sweet Day Mariah Carey and Boyz II Men
47%
Hold Me, Thrill Me, Kiss Me, Kill Me U2
38%
Common People Pulp
33%
You Don't Know How It Feels Tom Petty
33%
You Gotta Be Des'ree
29%
Any Man of Mine Shania Twain
27%
Til I Hear It From You Gin Blossoms
26%
No matching quizzes found
Score Distribution
Percent of People with Each Score
Percentile by Number Answered
Your Score History
You have not taken this quiz